Основы художественного конструирования: учебник

Bibliografiske detaljer
Hovedforfatter: Коротеева Л. И. Лариса Ивановна
Andre forfattere: Яскин А. П. Анатолий Петрович
Summary:Учебник содержит 12 глав, в которых рассмотрены основные категории и средства композиции в технике, принципы применения цвета в художественном конструировании, а также приведены обшие сведения об эргономике, бионике, проектной и промышленной графике.Учебник составлен в соответствии с программой курса «Основы художественного конструирования» для подготовки студентов по направлению 15.03.02 «Технологические машины и оборудование».Учебник предназначен для студентов машиностроительных специально­стей вузов и может быть использован в процессе реального проектирования.
Sprog:russisk
Udgivet: Москва, Инфра-М, 2016
Serier:Высшее образование. Бакалавриат
Fag:
Format: MixedMaterials Bog
KOHA link:https://koha.lib.tpu.ru/cgi-bin/koha/opac-detail.pl?biblionumber=320231

MARC

LEADER 00000nam0a2200000 4500
001 320231
005 20231102003246.0
010 |a 9785160098814 
035 |a (RuTPU)RU\TPU\book\345761 
090 |a 320231 
100 |a 20160629d2016 m y0rusy50 ca 
101 0 |a rus 
102 |a RU 
105 |a a j 001zy 
200 1 |a Основы художественного конструирования  |e учебник  |f Л. И. Коротеева, А. П. Яскин 
210 |a Москва  |c Инфра-М  |d 2016 
215 |a 304 с.  |c ил. 
225 1 |a Высшее образование. Бакалавриат 
320 |a Библиогр.: с. 296-301 
330 |a Учебник содержит 12 глав, в которых рассмотрены основные категории и средства композиции в технике, принципы применения цвета в художественном конструировании, а также приведены обшие сведения об эргономике, бионике, проектной и промышленной графике.Учебник составлен в соответствии с программой курса «Основы художественного конструирования» для подготовки студентов по направлению 15.03.02 «Технологические машины и оборудование».Учебник предназначен для студентов машиностроительных специально­стей вузов и может быть использован в процессе реального проектирования. 
606 1 |a Конструирование художественное  |2 stltpush  |3 (RuTPU)RU\TPU\subj\15402  |9 41644 
610 1 |a художественное конструирование 
610 1 |a дизайн 
610 1 |a история 
610 1 |a формообразование 
610 1 |a композиции 
610 1 |a цвет 
610 1 |a эргономика 
610 1 |a бионика 
610 1 |a эстетика 
610 1 |a стандарты 
610 1 |a промышленная графика 
610 1 |a проектирование 
610 1 |a макетирование 
610 1 |a новые направления 
610 1 |a промышленные здания 
610 1 |a промышленный дизайн 
610 1 |a учебники 
675 |a 658.512.23(075.8)  |v 4 
700 1 |a Коротеева  |b Л. И.  |g Лариса Ивановна 
701 1 |a Яскин  |b А. П.  |g Анатолий Петрович 
801 1 |a RU  |b 63413507  |c 20160629 
801 2 |a RU  |b 63413507  |c 20161028  |g RCR 
900 |a Основы художественного конструирования 
942 |c BK 
959 |a 39/20160429  |d 5  |e 620,00  |f ЧЗТЛ:1  |f УФ:4